000 00698nam a2200289Ia 4500
005 20260324124244.0
008 008 260324s9999 xx 000 0 eng d
020 _a9780203854402
037 _aEBOOK
040 _aCRL
040 _beng
040 _cCRL
041 _2eng
041 _aeng
084 _qCRL
100 _aMarcel De Haas
_91173451
245 0 _aRussia's Foreign Security Policy in the 21st Century
245 0 _bPutin, Medvedev and Beyond
260 _bTaylor and Francis
260 _c2010
365 _a
365 _b255
856 _uhttp://www.taylorfrancis.com/books/9780203854402
942 _cEBOOK
999 _c1767674
_d1767674